000 00694nam a2200241Ia 4500
003 OSt
005 20220928124003.0
006 a|||||r|||| 00| 0
007 ta
008 220927b |||||||| |||| 00| 0 eng d
024 _a8800
037 _cTextual
040 _aSDCL
_cSDCL
_beng
041 _2eng
_aeng
082 _aY:677.2'N5, P5
100 _aZachariah Benjamin
_9463012
245 0 _aDeveloping India
_bAn intellectual and social history,c.1930-50
260 _aNew Delhi
_bOxford University Press
_c2005
300 _axv,334p
_ccm.
650 _aSocial Development
942 _hY:677.2'N5, P5
_cTEXL
_2CC
999 _c775959
_d775959